Statystyki dla Wszystkie miasta w Polsce, poniżej 1000 mieszkańców

Kliknij tutaj aby rozwiązać quiz!

Ogólne statystyki

  • Ten quiz został rozwiązany 10 razy
  • Średni wynik to 5 z 28

Statystyki odpowiedzi

Liczba mieszkańcówOdpowiedź% Poprawnych
336Opatowiec
71%
775Koszyce
43%
506Wiślica
43%
917Goraj
29%
934Jadów
29%
902Józefów nad Wisłą
29%
817Książ Wielki
29%
904Nowy Korczyn
29%
939Solec nad Wisłą
29%
896Wyśmierzyce
29%
987Bircza
14%
738Ciepielów
14%
847Dąbrowice
14%
866Dubiecko
14%
829Inowłódz
14%
967Odrzywół
14%
919Parzęczew
14%
928Sienno
14%
983Suraż
14%
873Turobin
14%
899Bolimów
0%
889Brody
0%
902Działoszyce
0%
779Gielniów
0%
825Głowaczów
0%
831Kiernozia
0%
966Magnuszew
0%
907Przytyk
0%

Rozkład punktacji

Percentyl według liczby udzielonych odpowiedzi

Procent ludzi z każdym wynikiem

Twoja historia wyników

Nie rozwiązałeś tego quizu